Statistiques concernant They Shoot Pictures, Don't They? - films 881 à 900

Cliquez ici pour prendre le quiz!

Statistiques générales

  • Ce quiz a été pris 24 fois
  • Le résultat moyen est 3 sur 20

Statistiques - réponses

Réponse% Correct
Persepolis
100%
Amours chiennes
18%
Gloria
18%
Exotica
14%
Juliette des esprits
14%
Mes petites amoureuses
14%
Printemps, été, automne, hiver… et printemps
14%
Showgirls
14%
Female Trouble
9%
Mikey et Nicky
9%
Welfare
9%
Ceddo
5%
La Ballade de Bruno
5%
Les Mystères de Lisbonne
5%
Rouges et blancs
5%
Shanghaï Express
5%
Dernier caprice
0%
L'Amour Fou
0%
Le Syndrome Asthénique
0%
Sideways
0%

Distribution des résultats

Percentile par nombre de réponses

% des personnes avec chaque résultat

Votre développement - résultats

Vous n’avez pas pris ce quiz